La mejor Orinoquia que podemos construir : (Registro nro. 8714)

Detalles MARC
000 -CABECERA
Campo de control 01249nam a22002897a 4500
005 - FECHA Y HORA DE LA ULTIMA TRANSACCION
Campo de control 20150126155457.0
008 - ELEMENTOS DE LONGITUD FIJA—INFORMACION GENERAL
Campo de control 120316s2009 ck a gr 00010cspa d
020 ## - ISBN
ISBN 9789589900758
040 ## - FUENTE DE CATALOGACIÓN
Agencia catalogadora original CO-BoIAVH
Agencia transcriptora CO-BoIAVH
041 0# - IDIOMA
Código de idioma para texto/pista de sonido o título separado Español
044 ## - PAÍS DE PUBLICACIÓN
País de publicación Colombia
082 04 - NUMERO DE CLASIFICACION DECIMAL DEWEY
Número de clasificación 333.8619
Número del ítem A55m
100 1# - ASIENTO PRINCIPAL--NOMBRE PERSONAL
Nombre personal Andrade-Pérez, Germán Ignacio
245 13 - MENCION DE TITULO
Título La mejor Orinoquia que podemos construir :
Parte restante del título elementos para la sostenibilidad ambiental del desarrollo /
Mención de responsabilidad Germán Ignacio Andrade Pérez ... [et al.].
250 ## - MENCION DE EDICION
Mención de edición 2a.
Resto de la mención de edición ampliada
260 ## - PUBLICACION, DISTRIBUCION, ETC. (PIE DE IMPRENTA)
Lugar de publicación, distribución, etc. Bogotá :
Nombre del editor, distribuidor, etc. Corporinoquia,
-- Universidad de los Andes,
Fecha de publicación, distribución, etc. Foro Nacional Ambiental,
Nombre del editor, distribuidor, etc. Friedrich Ebert Stiftung,
Fecha de publicación, distribución, etc. 2009.
300 ## - DESCRIPCION FISICA
Extensión 187 p. :
Otros detalles físicos il. ;
Dimensiones 24 cm.
504 ## - NOTA DE BIBLIOGRAFIA, ETC.
Nota de bibliografía Incluye referencias bibliográficas
650 #4 - ASIENTO SECUNDARIO DE MATERIA - TERMINO TEMATICO
Término temático o nombre geográfico como elemento de entrada Desarrollo económico
Subdivisión geográfica Orinoquía (Región, Colombia)
650 #4 - ASIENTO SECUNDARIO DE MATERIA - TERMINO TEMATICO
Término temático o nombre geográfico como elemento de entrada Desarrollo sostenible
Subdivisión geográfica Orinoquía (Región, Colombia)
650 #4 - ASIENTO SECUNDARIO DE MATERIA - TERMINO TEMATICO
Término temático o nombre geográfico como elemento de entrada Recursos naturales
Subdivisión geográfica Orinoquía (Región, Colombia)
650 #4 - ASIENTO SECUNDARIO DE MATERIA - TERMINO TEMATICO
Término temático o nombre geográfico como elemento de entrada Ecosistemas
Subdivisión geográfica Orinoquía (Región, Colombia)
651 #4 - ASIENTO SECUNDARIO DE MATERIA - NOMBRE GEOGRAFICO
Nombre geográfico Orinoquía (Colombia)
Subdivisión general Descripción.
700 1# - ASIENTO SECUNDARIO - NOMBRE PERSONAL
Nombre personal Castro-Gutiérrez, Luis Guillermo
700 1# - ASIENTO SECUNDARIO - NOMBRE PERSONAL
Nombre personal Durán, Durán, Luis Guillermo
942 ## - ELEMENTOS ADICIONALES (KOHA)
Sistema de clasificación Dewey Decimal Classification
Tipo de ítem Libro
Existencias
Withdrawn status Lost status Sistema de Clasificación Damaged status No para préstamo Colección Inventariado Ubicación Permanente Ubicación actual Fecha de adquisición Fuente de Valor Valor Total Checkouts Número topográfico Inventario / Código de Barras Date last seen Ejemplar Price effective from Forma de adquisición Tipo de material
    Dewey Decimal Classification     General Inventariado 2017 Bogotá Bogotá 19/06/2015 Instituto 39000.00   LB-333.8619 A55m 039076 01/07/2015 Ej. 2 19/06/2015   Libro
    Dewey Decimal Classification     General Inventariado 2017 Sala Fabio Quevedo Sala Fabio Quevedo 19/09/2014 Instituto 39000.00   LB-333.8619 A55m 034516 19/09/2014 Ej. 1 19/09/2014   Libro